000 00303nam a22001217a 4500
082 _a823
_bGOV/E
100 _aGOVT. OF KERALA
245 _aSIET KERALA ENGINEERING ENGINEERING TOP WINNER
_bCHEMISTRY 2006
260 _bGOVT. OF KERALA
300 _a1
_bCD
520 _aPHYSICS QUESTION BANK
942 _cBK
999 _c7831
_d7831